LEADER 01543nam a2200313 u 4500 001 000000115110 003 CaOOAMICUS 005 20090331181402.0 008 090331s2005 ilu u000 u eng r 020 $z978-0-8038-1479-4* 040 $aPUL$bita$dLDB 245 00$aProverbs, Ecclesiastes, Song of Solomon /$cedited by J. Robert Wright ; general editor Thomas C. Oden. 260 $aDowners Grove, Il. :$bInterVarsity Press,$cc2005. 300 $axxix 434 p. ;$c26 cm 490 1 $aAncient Christian commentary on Scripture.$aOld Testament ;$v09 500 $aComprende indice. 504 $aBibliografia : p. 411-419. 630 04$aBiblia.$pV.T.$pProverbia$xCommenti.$0(OLS)http://pul/subject/634 630 04$aBiblia.$pV.T.$pQohlet$xCommenti.$0(OLS)http://pul/subject/37775 630 04$aBiblia.$pV.T.$pCanticum canticorum$xCommenti.$0(OLS)http://pul/subject/6701 650 4$aPadri della Chiesa.$0(OLS)http://pul/subject/533 700 1 $aWright, John Robert,$d1936-$0(OLS)http://pul/name/67706 830 0$aAncient Christian commentary on Scripture.$pOld Testament ;$v09.$0(OLS)http://pul/title/76534 850 $aPUL 852 $aPUL$W1$xSL Religione 3$y85$m220. 705 COLL 3.9$j131805$qDDC 21$B130792$CPULBib$Z2$F130792 $H110045 $82 941 1 $a9 996 $6020$z978-0-8038-1479-4*$9(OLS)http://pul/number/140142 996 $6245$aProverbs, Ecclesiastes, Song of Solomon$9(OLS)http://pul/title/144659 996 $6260$aDowners Grove, Il. :$bInterVarsity Press$9(OLS)http://pul/publisher/64477 LEADER 01831nam a2200385 u 4500 001 000000106442 003 CaOOAMICUS 005 20070724112558.0 008 070724s2007 it u000 u ita u 040 $aPUL$bita$dLDB 041 0 $aitalat$hlat 100 0 $aApuleius,$dsec. II.$0(OLS)http://pul/name/1176 245 12$aL'asino d'oro (Metaformosi) ; Sulla magia /$cApuleio; a cura di Marina Cavalli, Costanza Viareggi. 246 32$aMetaformosi 260 $aMilano :$bMondadori,$cc2007. 300 $a685 p. ;$c18 cm 490 1 $aI classici collezione Greci e latini ;$v27 500 $aTesto latino a fronte. 504 $aInclude riferimenti bibliografici. 700 1 $aViareggi, Costanza.$0(OLS)http://pul/name/65371 700 0 $aApuleius,$dsec. II.$tApologia.$0(OLS)http://pul/nameTitle/540$0(OLS)http://pul/name/1176$0(OLS)http://pul/title/11885 700 0 $aApuleius,$dsec. II.$tMetamorphoses.$0(OLS)http://pul/nameTitle/539$0(OLS)http://pul/name/1176$0(OLS)http://pul/title/132003 700 0 $aEpicurus,$d341-270 a.C$tTesti epicurei.$0(OLS)http://pul/name/65129 740 0 $aSulla magia. 830 2$aI classici collezione$pGreci e latini (Mondadori) ;$v27.$0(OLS)http://pul/title/131999 850 $aPUL 852 $aPUL$W1$xSL Cons. Gen., Altre Classi 3$y75$m880 COLL 1.27$j120023$qDDC 21$B119517$CPULBib$Z2$F119517 $H104751 $82 900 $aApuleio, Lucio,$dsec. II$91176 900 $aApuleio, Lucio,$dsec. II$91176 900 $aApuleio, Lucio,$dsec. II$91176 941 1 $a9 996 $6740$aSulla magia$9(OLS)http://pul/title/134052 996 $6245$aL'asino d'oro (Metaformosi) ; Sulla magia$9(OLS)http://pul/title/134050 996 $6246$aMetaformosi$9(OLS)http://pul/title/134053 996 $6260$aMilano :$bMondadori$9(OLS)http://pul/publisher/50297